00850nam a2200181 a 450000100100000000500170001000800410002704000250006808200130009310000360010624500510014226000750019330000290026804900090029795201700030695201750047699900170065100003143720200930062929.0110622s1953 dr c 000 p spa d aDO-SdBNPbspacBNPHU axxbO77r1 aOrtiz Álvarez, Horacio95784310aRumbos y preceptos /cHoracio Ortiz Álvarez. aCiudad Trujillo, República Dominicana :bImprenta Compostela,c1953. a79 p. :bretr. ;c21 cm. aBNPD 001050718RVaPDbPDcCTd2011-06-22iLF1l0oxx O77rp31437-10r2020-06-25w2020-06-25y1zPerteneció a la biblioteca personal de Martínez Boog.ZNo se presta 001050718RVaPDbPDcCTd2011-06-29iLF1l0oxx O77rp31437-20r2020-06-25te.2w2020-06-25y1zPerteneció a la biblioteca personal de Martínez Boog.ZNo se presta c30929d30929